000
00280nam a22001337a 4500
003
SGT
020
_a
938426688-4
082
_a
302.2
_b
ARO
100
_a
ARORA, NAMITA
245
_a
COMMUNICATION SKILLS
260
_a
INDIA
_b
BIRLA PUB.
_c
2025
300
_a
122
942
_2
ddc
_c
BK
999
_c
33021
_d
33021